000 00466nam a2200181Ia 4500
001 8954
005 20260306160648.0
008 260306t2015||||xx |||||||||||||| ||spa||
041 _aESP
082 _a372.1
_bD16
100 _aDahlberg, Gunilla
_eAUT
245 0 _aMás allá de la calidad en educación infantil:
_bperspectivas posmodernas
260 _c2015
300 _a323 páginas :
_c24 cm.
650 _aGEN
654 _aCED
942 _cLIB
_dJUS
_fJUS
_2ddc
_n
999 _c8954
_d8954